ASEAN Countries Geography Quiz - Statistics

General Stats
  • This quiz has been taken 754 times
  • The average score is 33 of 98
Answers on the Map
Answers color-coded by a green-red scale on the quiz's map according to % correct below.
 
Answer Stats
Class Population Description Answer % Correct
Country 69,799,978 Thailand
87%
Country 97,338,579 Vietnam
87%
Country 273,523,615 Indonesia
86%
Country 5,850,342 Singapore
86%
Country 7,275,560 Laos
84%
Country 32,365,999 Malaysia
84%
Country 16,718,965 Cambodia
83%
Country 54,409,800 Myanmar
82%
Country 437,479 Brunei
79%
Country 109,581,078 Philippines
79%
City 9,607,787 Largest City in the ASEAN countries; Capital city Jakarta
78%
City 5,666,264 Largest primate city in the world; known for the Red Light Districts Bangkok
76%
City 1,780,148 Most densely populated city in the world in 2019; fastest growing in Southeast Asia Manila
74%
City 2,414,621 National capital; called the "City of Peace" by UNESCO in 1999 Hanoi
71%
City 1,588,750 Known for the Petronas Towers; One of the most visited cities in the world Kuala Lumpur
71%
City 5,880,615 Still commonly referred as Saigon, largest city in the country Ho Chi Minh City
65%
City 1,242,992 Known as the "Pearl of Asia" Phnom Penh
64%
City 788,589 Capital of Bali Denpasar
63%
Island Java
57%
Island Borneo
56%
City 620,157 Home of That Luang, an icon of Buddhism and for the country Vientiane
54%
City 202,715 Capital and former capital of a powerful empire Bandar Seri Begawan
53%
City 333,506 Entirely planned capital city located in the center of the country Naypyidaw
53%
Island Sumatra
53%
Island Timor
52%
City 4,728,524 City with the most intact colonial era buildings in Southeast Asia Yangon
52%
Island Sulawesi
47%
City 2,765,487 Name meaning "Bravely Facing Danger" Surabaya
47%
Island New Guinea
46%
City 2,394,873 Major technology center; one of the cleanest cities in ASEAN Bandung
45%
Island Luzon
45%
Sea South China Sea
45%
River Mekong River
44%
City 922,611 Oldest city and first capital of the country; "Queen City of the South" Cebu City
42%
City 79,308 A State and Island never colonized by a European Power Phuket
40%
City 2,936,116 Most populated city in the metro; originally the capital from 1948 - 1976 Quezon City
40%
City 2,097,610 Fourth largest urban area bordering the Strait of Malacca Medan
39%
City 1,225,546 Second largest city; The old royal capital Mandalay
37%
City 770,911 Important port city; commercial and educational center of Central Vietnam Da Nang
35%
City 1,632,991 Third largest city by population and largest by land size Davao City
35%
Island Mindanao
35%
City 127,240 Northernmost major city; name translates into "New City" Chiang Mai
34%
City 1,331,391 Most rapidly growing economic city Makassar
33%
Sea Andaman Sea
31%
City 657,892 Largest city in the globally important state of Penang; "Silicon Valley of the East" George Town
30%
City 642,992 Capital of Malay nationalism after WWII Johor Bahru
30%
Mountain Krakatoa
30%
City 388,627 Only city run by a Monarch in the country; center of the Javanese culture Yogyakarta
30%
City 484,885 Portuguese influenced city state; Along the Silk Maritime Road Malacca
28%
City 1,440,678 One of the oldest cities and site of the first lightspeed rail in the country Palembang
27%
City 168,662 Home to Angkor Wat and Angkor Thom Siem Reap
26%
City 1,520,481 Called the cleanest tourist city in the ASEAN countries Semarang
24%
Island Penang
21%
Disputed Islands Spratly Islands
21%
Gulf Gulf of Thailand
20%
City 233,859 Border and coastal city on the eastern most island of the country Jayapura
20%
City 119,532 Known for the "Strip" for it's American soliders arriving on R&R Pattaya City
20%
City 411,634 Largest city in the province of Pampanga Angeles
19%
City 769,739 Fast growing, major industrial city likely to become the third special class city in the country Haiphong
19%
City 302,983 Contains the Imperial City; site of one of the bloodiest battles in the Vietnam War Hue
19%
City 66,781 UNESCO world heritage site; "Royal Buddha Image" Luang Prabang
19%
Sea Celebes Sea
18%
City 325,132 Largest city in the state of Sarawak; Settled by James Brooke Kuching
18%
Island Negros
16%
City 526,508 The main gateway to the new capital of Indonesia Balikpapan
15%
River Irrawaddy River
15%
City 669,169 Widely known as Kota Khatulistiwa (Equatorial City) Pontianak
15%
City 305,984 First Southeastern Asia city to be awarded as a UNESCO City of Music Ambon
14%
City 452,058 Capital of Sabah, one of the fastest growing cities in the country Kota Kinabalu
14%
City 861,799 The self proclaimed Bangsamoro Republik held hostages in this city in 2013 Zamboanga City
13%
City 315,768 Former Portuguese controlled city near Timor-Leste Kupang
12%
City 11,501 Planned national capital and the 3rd federal territory created in the country Putrajaya
12%
City 731,545 Noted for it's floating markets and rural canals Can Tho
11%
City 708,127 Called the "Hipster City" of the country Ipoh
11%
Disputed Islands Paracel Islands
11%
City 89,447 Largest port and resort city in the country Preah Sihanouk
11%
City 54,752 Globally important federal territory known for its economic presence in the region Victoria (Bandar Labuan)
10%
City 26,313 This city along with #4 make up an urban agglomeration of around 1m people Chonburi
9%
City 594,446 This city was named after a top commanding general in the Philippine Army General Santos
9%
City 69,222 A UNESCO Heritage site with mixtures of Vietamese, Chinese, French and Japanese cultures Hoi An
9%
Island Labuan
9%
City 68,093 Growing tourist city and largest city in the south Pakse
9%
River Chao Phraya River
8%
Island Mindoro
8%
City 156,802 Southern commercial center and 3rd largest urban area in the country Hat Yai
7%
City 91,684 The Second Thai-Lao Friendship Bridge crosses through this second largest city in the country Savannakhet
7%
Lake Tonlé Sap
6%
Mountain Mount Rinjani
5%
Mountain Fansipan
4%
City 196,639 The Mayon Volcano is located near here; Most competitive city according to the NCC Legazpi City
4%
City 134,861 Important transshipment point from the North and South Pyay
4%
Disputed Islands Scarborough Shoal
4%
Mountain Mount Sinabung
3%
City 115,141 Regional headquarters of the countries southern area Myeik
3%
City 66,016 One of the oldest cities and home to many universities and a royal Thai army base Phitsanulok
3%
Lake Laguna Lake
2%
River Perfume River
2%
River Kapaus River
1%
No matching quizzes found
Score Distribution
Percent of People with Each Score
Percentile by Number Answered
Your Score History
You have not taken this quiz